Código Tributario (Registro nro. 12597)
[ vista simple ]
| 000 -Cabecera | |
|---|---|
| Campo de control de longitud fija | 00738nam a22002777a 4500 |
| 005 - Fecha y hora de la última transacción | |
| Campo de control | 20231120121039.0 |
| 008 - Elementos de longitud fija--Información general | |
| Campo de control de longitud fija | 200227b2020 xxu||||| |||| 00| 0 spa d |
| 020 ## - International Standard Book Number | |
| Número Internacional Estándar del Libro (ISBN) | 9789977130354 |
| 041 ## - Idioma | |
| Código de idioma | Español |
| 082 ## - Clasificación Decimal Dewey | |
| Número de clasificación | 343.04 C8374c23 |
| 100 ## - Entrada principal--Autor personal | |
| Nombre personal | Costa Rica. Leyes, decretos, etc. |
| 245 ## - Título propiamente dicho | |
| Título | Código Tributario |
| 250 ## - Edición | |
| Mención de edición | 23 edición |
| 260 ## - Pie de imprenta | |
| Lugar de publicación, distribución, etc. | Costa Rica |
| 260 ## - Pie de imprenta | |
| Nombre del editor, distribuidor, etc. | IJSA |
| 260 ## - Pie de imprenta | |
| Fecha de publicación, distribución, etc. | 2020 |
| 300 ## - Descripción física | |
| Extensión | 378 páginas |
| 650 #0 - Materia general | |
| Temática (materia general) | COSTA RICA |
| 650 #0 - Materia general | |
| Temática (materia general) | DERECHO FISCAL |
| 650 #0 - Materia general | |
| Temática (materia general) | LEGISLACIÓN |
| 650 #0 - Materia general | |
| Temática (materia general) | IMPUESTOS |
| 650 #0 - Materia general | |
| Temática (materia general) | LEY DE JUSTICIA TRIBUTARIA |
| 650 #0 - Materia general | |
| Temática (materia general) | CÓDIGO DE NORMAS Y PROCEDIMIENTOS |
| 650 #0 - Materia general | |
| Temática (materia general) | REGLAMENTO DE PROCEDIMIENTOS TRIBUTARIOS |
| 942 ## - Punto de acceso adicional KOHA | |
| Tipo de ítem KOHA | Libro |
| Fuente del sistema de clasificación o colocación | Dewey Decimal Classification |
| Signatura completa | Código de barras | Tipo de ítem | En préstamo |
|---|---|---|---|
| 343.04 C8374c23 | 24859 | Libro | |
| 343.04 C8374c23 | 24858 | Libro | |
| 343.04 C8374c23 | 24857 | Libro | |
| 343.04 C8374c23 | 24856 | Libro | |
| 343.04 C8374c23 | 24855 | Libro | |
| 343.04 C8374c23 | 24854 | Libro | |
| 343.04 C8374c23 | 24853 | Libro | |
| 343.04 C8374c23 | 24852 | Libro | |
| 343.04 C8374c23 | 24851 | Libro | 15/06/2026 |
| 343.04 C8374c23 | 24850 | Libro | 09/06/2026 |
| 343.04 C8374c23 | 24848 | Libro | |
| 343.04 C8374c23 | 24849 | Libro | |
| 343.04 C8374c23 | 24843 | Libro | |
| 343.04 C8374c23 | 24844 | Libro | |
| 343.04 C8374c23 | 24845 | Libro | |
| 343.04 C8374c23 | 24846 | Libro | 09/06/2026 |
| 343.04 C8374c23 | 24847 | Libro |